000 00349nam a2200157Ia 4500
003 OSt
005 20240115123112.0
008 170524s9999 xx 000 0 und d
020 _a9788126521548
040 _cIIMT UNIVERSITY
100 _aBlack- Ken
100 _c2011
245 0 _aBUSINESS STATISTICS
260 _aWiley India
942 _2ddc
_c02
999 _c2489
_d2489